000
00183 a2200097 4500
020
_a
9789871234165
041
_a
spa
100
_a
Juan Maxit
245
_a
El libro mostroso
942
_c
BK
999
_c
2328
_d
2328